[Event "Sochi Amateur op 6th"]
[Site "Sochi"]
[Date "2019.04.08"]
[Round "3"]
[White "Stroganov, Andrey"]
[Black "Kuznetsov, Sergey7"]
[Result "1-0"]
[WhiteElo "1809"]
[BlackElo "1687"]
[PlyCount "83"]
[EventDate "2019.04.07"]
[EventType "swiss"]
[EventRounds "9"]
[EventCountry "RUS"]
[SourceTitle "CBM 189 Extra"]
[Source "ChessBase"]
[SourceDate "2019.05.31"]
[SourceVersion "1"]
[SourceVersionDate "2019.05.31"]
[SourceQuality "1"]

1. d4 d5 2. Bf4 e6 3. e3 c5 4. c3 Nc6 5. Bd3 Nf6 6. Nd2 Be7 7. Ngf3 Bd7 8. h3 Rc8 9. Qe2 a6 10. Ne5 b5 11. dxc5 Bxc5 12. a4 Nxe5 13. Bxe5 Qb6 14. 0-0 Be7 15. Bd4 Qc6 16. Nf3 Bd6 17. Ne5 Bxe5 18. Bxe5 Ke7 19. axb5 axb5 20. Ra5 Rb8 21. Bxb8 Rxb8 22. Rfa1 Kf8 23. Ra6 Qc8 24. Qc2 h6 25. Qb3 Ne8 26. Qa3+ Kg8 27. Ra8 Rxa8 28. Qxa8 Qc5 29. Qa7 Qc8 30. Ra5 Nc7 31. Qc5 Qd8 32. Ra7 Ne8 33. Bxb5 Bxb5 34. Qxb5 Nf6 35. Qb7 Qf8 36. Ra8 Ne8 37. Qb5 Kh7 38. Rxe8 Qd6 39. Qd3+ g6 40. Qd4 g5 41. Qf6 Qd8 42. Rxd8 1-0

[Event "Minsk Amateur op"]
[Site "Minsk"]
[Date "2018.07.01"]
[Round "9"]
[White "Stroganov, Andrey"]
[Black "Piatrenka, Ivan"]
[Result "1-0"]
[WhiteElo "1826"]
[BlackElo "1114"]
[PlyCount "73"]
[EventDate "2018.06.25"]
[EventType "swiss"]
[EventRounds "9"]
[EventCountry "BLR"]
[SourceTitle "CBM 185 Extra"]
[Source "ChessBase"]
[SourceDate "2018.07.29"]
[SourceVersion "1"]
[SourceVersionDate "2018.07.29"]
[SourceQuality "1"]

1. b3 Nf6 2. Bb2 g6 3. Bxf6 exf6 4. c4 Bg7 5. Nc3 0-0 6. g3 d6 7. Bg2 c6 8. e3 Na6 9. Nge2 Nc7 10. 0-0 Be6 11. d4 d5 12. c5 Qd7 13. Re1 Bh3 14. Bh1 Ne6 15. b4 Ng5 16. Nf4 Rfe8 17. a4 Rad8 18. b5 Ne4 19. Nxe4 dxe4 20. Qc2 Bf5 21. bxc6 bxc6 22. Reb1 Bh6 23. Ne2 Bg4 24. a5 Bf3 25. Rb2 g5 26. a6 Qg4 27. Qc4 Ra8 28. Rb7 Rf8 29. Nc3 f5 30. Rab1 f4 31. Nxe4 Bxe4 32. Bxe4 f3 33. Bxc6 Qh5 34. Qd5 Qg6 35. Qxf3 g4 36. Qe4 f5 37. Qe7 1-0

[Event "Minsk Amateur op"]
[Site "Minsk"]
[Date "2018.06.29"]
[Round "7"]
[White "Stroganov, Andrey"]
[Black "Stroganova, Karina"]
[Result "1-0"]
[WhiteElo "1826"]
[BlackElo "1662"]
[PlyCount "45"]
[EventDate "2018.06.25"]
[EventType "swiss"]
[EventRounds "9"]
[EventCountry "BLR"]
[SourceTitle "CBM 185 Extra"]
[Source "ChessBase"]
[SourceDate "2018.07.29"]
[SourceVersion "1"]
[SourceVersionDate "2018.07.29"]
[SourceQuality "1"]

1. d4 d5 2. c4 Bf5 3. Nf3 e6 4. Nc3 Nf6 5. Bg5 c6 6. Qb3 Qb6 7. c5 Qc7 8. Bf4 Qxf4 9. Qxb7 Nfd7 10. e3 Qg4 11. Qxa8 Be7 12. Ne5 Qg5 13. Nxd7 Kxd7 14. Qb7+ Ke8 15. Qxb8+ Bd8 16. Qd6 f6 17. Qxc6+ Kf7 18. h4 Qg6 19. Qd6 Be7 20. Qg3 Qh6 21. Be2 a6 22. Qf4 Kf8 23. g4 1-0

[Event "Minsk Amateur op"]
[Site "Minsk"]
[Date "2018.06.28"]
[Round "6"]
[White "Abdilkhair, Abilmansur"]
[Black "Stroganov, Andrey"]
[Result "1-0"]
[WhiteElo "2235"]
[BlackElo "1826"]
[PlyCount "47"]
[EventDate "2018.06.25"]
[EventType "swiss"]
[EventRounds "9"]
[EventCountry "BLR"]
[SourceTitle "CBM 185 Extra"]
[Source "ChessBase"]
[SourceDate "2018.07.29"]
[SourceVersion "1"]
[SourceVersionDate "2018.07.29"]
[SourceQuality "1"]

1. e4 d5 2. Nc3 d4 3. Nce2 e5 4. f4 Nc6 5. Nf3 f6 6. d3 Be6 7. c3 Qd7 8. Bd2 Nh6 9. Qa4 0-0-0 10. cxd4 exd4 11. b4 Kb8 12. b5 Ne7 13. Nexd4 c5 14. Nxe6 Qxe6 15. Be2 Nc8 16. 0-0 Nf5 17. Ba5 b6 18. exf5 Qxe2 19. Rfe1 Qb2 20. Rab1 Rd4 21. Qxd4 Qxd4+ 22. Nxd4 cxd4 23. Re8 Kb7 24. Bb4 1-0

[Event "Minsk Amateur op"]
[Site "Minsk"]
[Date "2018.06.26"]
[Round "3"]
[White "Stroganov, Andrey"]
[Black "Voloshkin, Daniil"]
[Result "1-0"]
[WhiteElo "1826"]
[BlackElo "1396"]
[PlyCount "77"]
[EventDate "2018.06.25"]
[EventType "swiss"]
[EventRounds "9"]
[EventCountry "BLR"]
[SourceTitle "CBM 185 Extra"]
[Source "ChessBase"]
[SourceDate "2018.07.29"]
[SourceVersion "1"]
[SourceVersionDate "2018.07.29"]
[SourceQuality "1"]

1. d4 Nf6 2. Bf4 e6 3. Nf3 b6 4. e3 Bb7 5. h3 c5 6. Be2 Nc6 7. 0-0 Be7 8. c4 d6 9. Nc3 0-0 10. d5 exd5 11. Nxd5 Nxd5 12. cxd5 Nb8 13. Bc4 a6 14. a4 Nd7 15. Qd3 Bf6 16. Bxd6 Re8 17. Rab1 Ne5 18. Bxe5 Bxe5 19. Nxe5 Rxe5 20. f4 Re7 21. e4 Qe8 22. e5 Qxa4 23. d6 Ree8 24. Bd5 Qd7 25. Rfe1 a5 26. Qe4 Bxd5 27. Qxd5 Rad8 28. Rbd1 g6 29. Kh1 h5 30. Rd3 Qa4 31. f5 Qh4 32. Re4 Qg5 33. fxg6 Qxg6 34. Kh2 Qe6 35. Rg3+ Kf8 36. Qd1 Rxd6 37. exd6 Qxe4 38. Qxh5 f5 39. Qh6+ 1-0

[Event "Nebug op"]
[Site "Nebug"]
[Date "2011.01.08"]
[Round "3"]
[White "Stroganov, Andrey"]
[Black "Kljueva, Mariya"]
[Result "1-0"]
[WhiteElo "1911"]
[BlackElo "1838"]
[PlyCount "107"]
[EventDate "2011.01.06"]
[EventType "swiss"]
[EventRounds "9"]
[EventCountry "RUS"]
[SourceTitle "CBM 140 Extra"]
[Source "ChessBase"]
[SourceDate "2011.03.01"]
[SourceVersion "1"]
[SourceVersionDate "2011.03.01"]
[SourceQuality "1"]

1. e4 c5 2. d4 cxd4 3. c3 dxc3 4. Nxc3 g6 5. Nf3 Bg7 6. Bc4 Nc6 7. 0-0 d6 8. Qe2 Nf6 9. Rd1 Bg4 10. Bb5 Nd7 11. h3 Bxf3 12. Qxf3 0-0 13. Be3 a6 14. Bf1 Rc8 15. Qe2 Na5 16. f4 Nc4 17. Bd4 Bxd4+ 18. Rxd4 Qb6 19. Qf2 Na5 20. Nd5 Qd8 21. Rad1 Nc6 22. R4d2 Qa5 23. b4 Qd8 24. a3 Rb8 25. Kh1 Rc8 26. Be2 e6 27. Ne3 Nf6 28. Bf3 Qc7 29. Qh4 Qe7 30. Rxd6 Rfd8 31. e5 Nd5 32. Qxe7 Ndxe7 33. Ng4 Nf5 34. Nf6+ Kg7 35. Rd7 Rxd7 36. Rxd7 b5 37. Ne4 Ncd4 38. Nc5 Nxf3 39. gxf3 Rc6 40. Ra7 Nd4 41. Ne4 Nf5 42. Ng5 Nh6 43. Kg2 Rc2+ 44. Kf1 Rc6 45. Ke2 Kg8 46. Kd3 Kg7 47. Ne4 Kf8 48. Nc5 Ke8 49. Nxa6 Kd8 50. Ra8+ Rc8 51. Ra7 Rc6 52. Nc5 Rc7 53. Ra5 Nf5 54. Rxb5 1-0

[Event "Nebug op"]
[Site "Nebug"]
[Date "2011.01.07"]
[Round "2"]
[White "Bogachkov, Vladislav"]
[Black "Stroganov, Andrey"]
[Result "1-0"]
[WhiteElo "1959"]
[BlackElo "1911"]
[PlyCount "71"]
[EventDate "2011.01.06"]
[EventType "swiss"]
[EventRounds "9"]
[EventCountry "RUS"]
[SourceTitle "CBM 140 Extra"]
[Source "ChessBase"]
[SourceDate "2011.03.01"]
[SourceVersion "1"]
[SourceVersionDate "2011.03.01"]
[SourceQuality "1"]

1. d4 e6 2. c4 b6 3. a3 Bb7 4. Nc3 f5 5. d5 Nf6 6. g3 Bd6 7. Bg2 Na6 8. Nh3 Nc5 9. 0-0 Be5 10. Qc2 Rb8 11. Rd1 Qe7 12. Nf4 0-0 13. Bd2 Nce4 14. Nxe4 fxe4 15. Bb4 Bd6 16. Bxd6 cxd6 17. Bxe4 e5 18. Ng2 Nxe4 19. Qxe4 Qf7 20. f3 a5 21. a4 Rfe8 22. Ne3 g6 23. Ng4 Kg7 24. Qe3 Kh8 25. Nf2 Ba6 26. b3 Rec8 27. Ne4 Qf8 28. Kf2 Kg7 29. h4 h6 30. Rh1 Kf7 31. Qc1 b5 32. axb5 Rxb5 33. cxb5 Rxc1 34. Rhxc1 Bxb5 35. Rxa5 Qb8 36. Rxb5 1-0

[Event "Kostroma Volga Cup op"]
[Site "Kostroma"]
[Date "2010.07.??"]
[Round "8"]
[White "Karachinskaya, Elizaveta"]
[Black "Stroganov, Andrey"]
[Result "0-1"]
[WhiteElo "1560"]
[BlackElo "1914"]
[PlyCount "44"]
[EventDate "2010.07.??"]
[EventType "swiss"]
[EventRounds "9"]
[EventCountry "RUS"]
[SourceTitle "EXT 2011"]
[Source "ChessBase"]
[SourceDate "2010.11.26"]
[SourceVersion "1"]
[SourceVersionDate "2010.11.26"]
[SourceQuality "1"]

1. e4 e5 2. Nf3 Nc6 3. d4 exd4 4. Nxd4 Bc5 5. Nxc6 Qf6 6. Qd2 dxc6 7. Bd3 Be6 8. 0-0 0-0-0 9. Qe2 g5 10. e5 Qg7 11. c3 f5 12. exf6 Qxf6 13. Bxg5 Qxg5 14. Qxe6+ Kb8 15. Be4 Nh6 16. Bf3 Rhf8 17. Qe2 Rfe8 18. Qc2 Rf8 19. Qe2 Nf5 20. g3 Nxg3 21. hxg3 Rde8 22. Qd2 Qxg3+ 0-1

[Event "Kostroma Volga Cup op"]
[Site "Kostroma"]
[Date "2010.07.??"]
[Round "1"]
[White "Stroganov, Andrey"]
[Black "Mishin, Alexei"]
[Result "0-1"]
[WhiteElo "1914"]
[BlackElo "2283"]
[PlyCount "74"]
[EventDate "2010.07.??"]
[EventType "swiss"]
[EventRounds "9"]
[EventCountry "RUS"]
[SourceTitle "EXT 2011"]
[Source "ChessBase"]
[SourceDate "2010.11.26"]
[SourceVersion "1"]
[SourceVersionDate "2010.11.26"]
[SourceQuality "1"]

1. e4 e5 2. Nf3 Nf6 3. Nc3 Nc6 4. Bb5 Nd4 5. Nxd4 exd4 6. e5 dxc3 7. exf6 Qxf6 8. dxc3 c6 9. Bd3 d5 10. Be3 Bd6 11. Qd2 Bg4 12. f3 Bf5 13. 0-0-0 Bxd3 14. Qxd3 0-0 15. Bd4 Qg5+ 16. Kb1 Rfe8 17. f4 Bxf4 18. Rhf1 Be3 19. Rf5 Qg4 20. h3 Qe4 21. Qf1 Bxd4 22. cxd4 Re7 23. Re5 Rxe5 24. dxe5 Qxe5 25. Re1 Qg5 26. Qf2 h6 27. h4 Qg4 28. a3 Qd7 29. Qe2 Kf8 30. Qe3 b6 31. Qf4 Rd8 32. g4 Qd6 33. Qf3 Re8 34. Rf1 Qd7 35. g5 Re6 36. Qf4 Kg8 37. Qb8+ Kh7 0-1

[Event "Kostroma Volga Cup op"]
[Site "Kostroma"]
[Date "2009.07.??"]
[Round "7"]
[White "Rabinovich, Yacov"]
[Black "Stroganov, Andrey"]
[Result "0-1"]
[WhiteElo "1715"]
[BlackElo "1935"]
[PlyCount "134"]
[EventDate "2009.07.03"]
[EventType "swiss"]
[EventRounds "9"]
[EventCountry "RUS"]
[SourceTitle "EXT 2021"]
[Source "ChessBase"]
[SourceDate "2020.10.23"]
[SourceVersion "1"]
[SourceVersionDate "2020.10.23"]
[SourceQuality "1"]

1. e4 e5 2. Nf3 Nc6 3. Bb5 Nf6 4. Nc3 Nd4 5. Bc4 Nxf3+ 6. Qxf3 Bc5 7. d3 c6 8. Qg3 Qe7 9. Be3 Bb6 10. 0-0 0-0 11. Bg5 d6 12. Kh1 Be6 13. Bb3 h6 14. Bxh6 Nh5 15. Qf3 Qh4 16. g3 Qh3 17. Bd2 Nf6 18. Qg2 Qh5 19. Bxe6 fxe6 20. Be3 Ng4 21. Bxb6 axb6 22. Rae1 Rf6 23. f3 Nh6 24. g4 Qg5 25. Qf2 Nf7 26. h4 Rh6 27. Kg2 Qxh4 28. Qxh4 Rxh4 29. Kg3 Rh6 30. f4 exf4+ 31. Rxf4 Rf6 32. Rxf6 gxf6 33. d4 Kg7 34. a3 Rh8 35. Re2 Rh1 36. Rh2 Rxh2 37. Kxh2 Kg6 38. Kg3 Kg5 39. Nd1 d5 40. exd5 cxd5 41. Ne3 Nd6 42. b3 Nb5 43. c4 dxc4 44. Nxc4 Nxd4 45. b4 b5 46. Nd6 b6 47. Nc8 Nc2 48. Nxb6 Nxa3 49. Nc8 Nc4 50. Na7 Nd6 51. Nc6 e5 52. Ne7 e4 53. Nd5 f5 54. gxf5 Kxf5 55. Ne3+ Ke5 56. Kf2 Kd4 57. Ke2 Kc3 58. Nd5+ Kc4 59. Nf6 Kxb4 60. Ke3 Ka3 61. Nd5 b4 62. Kd4 b3 63. Nc3 b2 64. Kd5 e3 65. Kxd6 e2 66. Nxe2 b1Q 67. Nc3 Qb4+ 0-1

[Event "Kostroma Volga Cup op"]
[Site "Kostroma"]
[Date "2009.07.??"]
[Round "8"]
[White "Stroganov, Andrey"]
[Black "Simagin, Maxim"]
[Result "0-1"]
[WhiteElo "1935"]
[BlackElo "2051"]
[PlyCount "44"]
[EventDate "2009.07.03"]
[EventType "swiss"]
[EventRounds "9"]
[EventCountry "RUS"]
[SourceTitle "EXT 2021"]
[Source "ChessBase"]
[SourceDate "2020.10.23"]
[SourceVersion "1"]
[SourceVersionDate "2020.10.23"]
[SourceQuality "1"]

1. b3 e6 2. Bb2 b6 3. Nf3 Bb7 4. g3 f5 5. Bg2 Nf6 6. d4 Be7 7. 0-0 0-0 8. c4 h6 9. d5 Qc8 10. Nc3 Na6 11. Ne5 Nc5 12. Ng6 Re8 13. Nxe7+ Rxe7 14. Qc2 a5 15. Rad1 d6 16. dxe6 Bxg2 17. Kxg2 Qxe6 18. Rfe1 Rae8 19. Nd5 Nxd5 20. Rxd5 Rf8 21. f3 Rfe8 22. Rxf5 Qxe2+ 0-1

[Event "Salekhard Rating"]
[Site "Salekhard"]
[Date "2009.05.20"]
[Round "?"]
[White "Arkhireev, Vladimir"]
[Black "Stroganov, Andrey"]
[Result "0-1"]
[WhiteElo "1763"]
[BlackElo "1925"]
[PlyCount "51"]
[EventDate "2009.05.20"]
[EventType "tourn"]
[EventRounds "11"]
[EventCountry "RUS"]
[SourceTitle "EXT 2022"]
[Source "ChessBase"]
[SourceDate "2021.10.06"]
[SourceVersion "1"]
[SourceVersionDate "2021.10.06"]
[SourceQuality "1"]

1. d4 e6 2. c4 b6 3. Nf3 Bb7 4. g3 Nf6 5. Bg2 c5 6. 0-0 cxd4 7. Nxd4 Bxg2 8. Kxg2 Qc8 9. Qd3 Nc6 10. Nb5 Ne5 11. Qd4 Nxc4 12. f3 a6 13. N5a3 Nxa3 14. Nxa3 Bc5 15. Qh4 0-0 16. Bg5 Qd8 17. e4 h6 18. Bd2 Bd4 19. Rab1 Nh7 20. Qg4 Nf6 21. Qh4 e5 22. Nc4 d5 23. Ne3 Bxe3 24. Bxe3 d4 25. Bd2 Rc8 26. Rbc1 0-1

[Event "Salekhard Rating"]
[Site "Salekhard"]
[Date "2009.05.20"]
[Round "?"]
[White "Khakhanov, Vladimir"]
[Black "Stroganov, Andrey"]
[Result "0-1"]
[WhiteElo "2034"]
[BlackElo "1925"]
[PlyCount "64"]
[EventDate "2009.05.20"]
[EventType "tourn"]
[EventRounds "11"]
[EventCountry "RUS"]
[SourceTitle "EXT 2022"]
[Source "ChessBase"]
[SourceDate "2021.10.06"]
[SourceVersion "1"]
[SourceVersionDate "2021.10.06"]
[SourceQuality "1"]

1. e4 c5 2. Nf3 e6 3. Nc3 a6 4. d4 cxd4 5. Nxd4 Qc7 6. Be2 Nf6 7. 0-0 Be7 8. Kh1 b5 9. a3 Bb7 10. Qd3 Nc6 11. f3 Ne5 12. Qd1 Ng6 13. Bd3 0-0 14. f4 Rac8 15. e5 Ne8 16. Ne4 d6 17. exd6 Nxd6 18. Nxd6 Qxd6 19. c3 Nh4 20. Rf2 Rcd8 21. Kg1 Nf5 22. Bxf5 exf5 23. Qc2 Be4 24. Qe2 Rfe8 25. Be3 Bh4 26. Rff1 Qg6 27. Bc1 Bd5 28. Qc2 Bc4 29. Rd1 Rxd4 30. cxd4 Re2 31. Qxe2 Bxe2 32. Rd2 Qe6 0-1

[Event "Salekhard Rating"]
[Site "Salekhard"]
[Date "2009.05.20"]
[Round "?"]
[White "Panchenko, Sergei"]
[Black "Stroganov, Andrey"]
[Result "1-0"]
[WhiteElo "1831"]
[BlackElo "1925"]
[PlyCount "54"]
[EventDate "2009.05.20"]
[EventType "tourn"]
[EventRounds "11"]
[EventCountry "RUS"]
[SourceTitle "EXT 2022"]
[Source "ChessBase"]
[SourceDate "2021.10.06"]
[SourceVersion "1"]
[SourceVersionDate "2021.10.06"]
[SourceQuality "1"]

1. e4 d5 2. exd5 Nf6 3. Nf3 Qxd5 4. d4 Bg4 5. Be2 Nc6 6. c4 Qf5 7. 0-0 0-0-0 8. Be3 e5 9. d5 Bxf3 10. gxf3 Qh3 11. Kh1 Nd4 12. Rg1 Nxe2 13. Qxe2 e4 14. Rg3 exf3 15. Rxf3 Qh5 16. Nc3 Bd6 17. Bf4 Rhe8 18. Qd3 Ng4 19. Bxd6 Rxd6 20. Qf5+ Qxf5 21. Rxf5 Rh6 22. Rf4 Nxh2 23. Kg2 Re5 24. f3 g5 25. Rxf7 g4 26. fxg4 Nxg4 27. Kf3 Nf6 1-0

[Event "Salekhard Rating"]
[Site "Salekhard"]
[Date "2009.05.20"]
[Round "?"]
[White "Stroganov, Andrey"]
[Black "Barbarickiy, Yuri"]
[Result "0-1"]
[WhiteElo "1925"]
[BlackElo "1763"]
[PlyCount "114"]
[EventDate "2009.05.20"]
[EventType "tourn"]
[EventRounds "11"]
[EventCountry "RUS"]
[SourceTitle "EXT 2022"]
[Source "ChessBase"]
[SourceDate "2021.10.06"]
[SourceVersion "1"]
[SourceVersionDate "2021.10.06"]
[SourceQuality "1"]

1. b3 d5 2. Bb2 c5 3. e3 Nc6 4. Bb5 Bd7 5. f4 e6 6. Nf3 Nf6 7. 0-0 Be7 8. Bxc6 Bxc6 9. Ne5 Rc8 10. d3 0-0 11. Nd2 Qc7 12. Rf3 Ne8 13. Rh3 Bf6 14. Qh5 h6 15. Rf1 Nd6 16. g4 Be8 17. e4 Bxe5 18. fxe5 Nb5 19. g5 f5 20. Qh4 Nd4 21. Nf3 fxe4 22. dxe4 dxe4 23. Nxd4 Rxf1+ 24. Kxf1 cxd4 25. Qxe4 Qf7+ 26. Ke1 Bc6 27. Qxd4 Rf8 28. Kd2 Qf1 29. Re3 Qg2+ 30. Kc3 Qxg5 31. Rg3 Qh5 32. Ba3 Rc8 33. Kb2 Bd5 34. Qg4 Qxe5+ 35. Kb1 Be4 36. Rg2 Bxg2 37. Qxg2 Qe1+ 38. Bc1 Rc6 39. Qg6 e5 40. Qg2 e4 41. Kb2 Qc3+ 42. Kb1 e3 43. Qe4 Qe1 44. Qe8+ Kh7 45. Qe4+ Rg6 46. Qxe3 Qxe3 47. Bxe3 a6 48. a4 Rg2 49. Bf4 Kg6 50. b4 Kf5 51. Bg3 g5 52. Kb2 h5 53. Kb3 h4 54. Bc7 g4 55. b5 Rxh2 56. Bxh2 g3 57. Bg1 h3 0-1

[Event "Salekhard Rating"]
[Site "Salekhard"]
[Date "2009.05.20"]
[Round "?"]
[White "Stroganov, Andrey"]
[Black "Shulgin, Viacheslav"]
[Result "1-0"]
[WhiteElo "1925"]
[BlackElo "1847"]
[PlyCount "41"]
[EventDate "2009.05.20"]
[EventType "tourn"]
[EventRounds "11"]
[EventCountry "RUS"]
[SourceTitle "EXT 2022"]
[Source "ChessBase"]
[SourceDate "2021.10.06"]
[SourceVersion "1"]
[SourceVersionDate "2021.10.06"]
[SourceQuality "1"]

1. b3 e5 2. Bb2 Nc6 3. e3 d5 4. Bb5 Bd6 5. f4 f6 6. Nh3 Nge7 7. fxe5 fxe5 8. 0-0 Bxh3 9. Qh5+ Ng6 10. Qxh3 a6 11. Be2 Nce7 12. Nc3 c6 13. Rf2 Qd7 14. Bg4 Qc7 15. Raf1 e4 16. Ne2 Ne5 17. Nd4 Nxg4 18. Qxg4 Bxh2+ 19. Kh1 h5 20. Qh3 Be5 21. Ne6 1-0

[Event "Moscow op-B"]
[Site "Moscow"]
[Date "2009.02.07"]
[Round "8"]
[White "Popelyshev, Igor Viktorovich"]
[Black "Stroganov, Andrey"]
[Result "1-0"]
[WhiteElo "2159"]
[BlackElo "1915"]
[PlyCount "49"]
[EventDate "2009.01.31"]
[EventType "swiss"]
[EventRounds "9"]
[EventCountry "RUS"]
[SourceTitle "EXT 2012"]
[Source "ChessBase"]
[SourceDate "2011.11.24"]
[SourceVersion "1"]
[SourceVersionDate "2011.11.24"]
[SourceQuality "1"]

1. e4 d5 2. exd5 Nf6 3. d4 Bg4 4. Be2 Bxe2 5. Nxe2 Qxd5 6. 0-0 Nc6 7. Nbc3 Qh5 8. Ng3 Qxd1 9. Rxd1 0-0-0 10. Be3 e6 11. Nce4 Ng4 12. Ng5 Rd7 13. c3 h6 14. Nf3 Bd6 15. Ne4 f5 16. Nxd6+ cxd6 17. d5 exd5 18. Rxd5 Nxe3 19. fxe3 Re8 20. Rxf5 Rxe3 21. Re1 Rxe1+ 22. Nxe1 Re7 23. Kf2 Ne5 24. h3 Nd7 25. b3 1-0

[Event "Moscow op-B"]
[Site "Moscow"]
[Date "2009.02.06"]
[Round "7"]
[White "Stroganov, Andrey"]
[Black "Bykov, Evgeny Mikhailovich"]
[Result "1-0"]
[WhiteElo "1915"]
[BlackElo "2090"]
[PlyCount "110"]
[EventDate "2009.01.31"]
[EventType "swiss"]
[EventRounds "9"]
[EventCountry "RUS"]
[SourceTitle "EXT 2012"]
[Source "ChessBase"]
[SourceDate "2011.11.24"]
[SourceVersion "1"]
[SourceVersionDate "2011.11.24"]
[SourceQuality "1"]

1. b3 d6 2. Bb2 Nd7 3. d4 Ngf6 4. d5 g6 5. c4 Bg7 6. Nf3 c6 7. dxc6 bxc6 8. g3 Qb6 9. e3 0-0 10. Be2 a5 11. 0-0 a4 12. Bc3 Nc5 13. Nbd2 axb3 14. axb3 Rb8 15. b4 Nce4 16. Nxe4 Nxe4 17. Bxg7 Kxg7 18. Ra4 Kg8 19. Qa1 Bb7 20. Qb2 c5 21. b5 Qc7 22. Rc1 Qd7 23. Bf1 Qg4 24. Bg2 Nxg3 25. hxg3 Bxf3 26. Bxf3 Qxf3 27. Qc2 Ra8 28. Rca1 Qb7 29. Qa2 Rxa4 30. Qxa4 Rb8 31. Qd1 d5 32. cxd5 Qxb5 33. Ra7 Qb1 34. Qxb1 Rxb1+ 35. Kg2 Kf8 36. Rc7 Rc1 37. Rc8+ Kg7 38. f4 f5 39. Kf3 Rc2 40. g4 c4 41. g5 c3 42. e4 Rh2 43. e5 Rd2 44. d6 Kf7 45. Rc7 Rd3+ 46. Ke2 Rd2+ 47. Ke3 Ke8 48. Rxe7+ Kd8 49. Rc7 Rh2 50. Rxc3 Rh3+ 51. Kd4 Rh1 52. Kd5 Ra1 53. Kc6 Ra7 54. Rb3 Ra8 55. Rb7 Rb8 1-0

[Event "Salekhard op"]
[Site "Salekhard"]
[Date "2008.12.03"]
[Round "5"]
[White "Stroganov, Andrey"]
[Black "Arkhireev, Vladimir"]
[Result "0-1"]
[WhiteElo "1915"]
[BlackElo "1787"]
[PlyCount "108"]
[EventDate "2008.11.29"]
[EventType "swiss"]
[EventRounds "9"]
[EventCountry "RUS"]
[SourceTitle "CBM 127 Extra"]
[Source "ChessBase"]
[SourceDate "2009.01.08"]
[SourceVersion "2"]
[SourceVersionDate "2009.01.28"]
[SourceQuality "1"]

1. b3 d5 2. Bb2 c5 3. e3 Nc6 4. Bb5 a6 5. Bxc6+ bxc6 6. f4 Nf6 7. Nf3 Bg4 8. d3 g6 9. Nbd2 Bg7 10. 0-0 0-0 11. h3 Bxf3 12. Qxf3 Ne4 13. Bxg7 Nxd2 14. Qf2 Nxf1 15. Bxf8 Nxe3 16. Qxe3 Kxf8 17. Qxc5 Qd6 18. Qd4 Qf6 19. Qxf6 exf6 20. Re1 Re8 21. Rxe8+ Kxe8 22. b4 d4 23. Kf2 Kd7 24. Ke2 Ke6 25. Kd2 f5 26. a4 Kd5 27. c4+ dxc3+ 28. Kxc3 f6 29. d4 g5 30. Kd3 h5 31. h4 gxh4 32. Kc3 h3 33. gxh3 Ke4 34. h4 Kxf4 35. d5 cxd5 36. b5 axb5 37. a5 Ke3 38. a6 d4+ 39. Kc2 Ke2 40. a7 d3+ 41. Kc3 d2 42. a8Q d1Q 43. Qe8+ Kf2 44. Qg6 b4+ 45. Kb2 Qd4+ 46. Kb3 Qd1+ 47. Kb2 Qe2+ 48. Kb3 Qf3+ 49. Ka4 b3 50. Qxf6 Ke1 51. Qa1+ Kf2 52. Qf6 Kg3 53. Ka3 f4 54. Qg5+ Qg4 0-1

[Event "Salekhard op"]
[Site "Salekhard"]
[Date "2008.12.01"]
[Round "3"]
[White "Orekhov, Nikolai"]
[Black "Stroganov, Andrey"]
[Result "0-1"]
[WhiteElo "1742"]
[BlackElo "1915"]
[PlyCount "43"]
[EventDate "2008.11.29"]
[EventType "swiss"]
[EventRounds "9"]
[EventCountry "RUS"]
[SourceTitle "CBM 127 Extra"]
[Source "ChessBase"]
[SourceDate "2009.01.08"]
[SourceVersion "2"]
[SourceVersionDate "2009.01.28"]
[SourceQuality "1"]

1. Nf3 b6 2. g3 Bb7 3. Bg2 c5 4. 0-0 Nf6 5. d3 d5 6. Nbd2 g6 7. e4 dxe4 8. Ng5 Bg7 9. Ngxe4 Nc6 10. Nxf6+ Bxf6 11. Ne4 Bg7 12. Rb1 0-0 13. Re1 h6 14. Bd2 Qd7 15. Bc3 Nd4 16. Qd2 f5 17. Bxd4 cxd4 18. Bh3 e6 19. Ng5 hxg5 20. Qxg5 Qd5 21. Kf1 Kh7 22. f4 0-1

[Event "Voronezh op-B"]
[Site "Voronezh"]
[Date "2008.06.20"]
[Round "9"]
[White "Pogosian, Georgy"]
[Black "Stroganov, Andrey"]
[Result "1-0"]
[WhiteElo "2211"]
[BlackElo "1892"]
[PlyCount "95"]
[EventDate "2008.06.12"]
[EventType "swiss"]
[EventRounds "9"]
[EventCountry "RUS"]
[SourceTitle "CBM 125 Extra"]
[Source "ChessBase"]
[SourceDate "2008.09.01"]
[SourceVersion "1"]
[SourceVersionDate "2008.09.01"]
[SourceQuality "1"]

1. e4 d5 2. Nc3 d4 3. Nce2 e5 4. Ng3 Be6 5. Nf3 Bd6 6. Bb5+ c6 7. Ba4 Qa5 8. c3 d3 9. Bb3 Nd7 10. Ng5 Nc5 11. Bxe6 Nxe6 12. Nxe6 fxe6 13. Qb3 Kf7 14. c4 Rd8 15. Qxd3 Bb4 16. Qf3+ Nf6 17. 0-0 Bxd2 18. Nh5 Bxc1 19. Nxf6 gxf6 20. Raxc1 h5 21. a3 Qd2 22. Rcd1 Qg5 23. Qb3 b6 24. Qa4 h4 25. Qxc6 h3 26. g3 Rxd1 27. Rxd1 Qg4 28. Qd7+ Kg6 29. Qd3 Rh7 30. f3 Qh5 31. Kf2 Re7 32. Qd6 Qh7 33. b4 Qf7 34. Rd2 Rc7 35. c5 bxc5 36. bxc5 Qe7 37. Qxe7 Rxe7 38. Rc2 f5 39. c6 Rc7 40. Rc5 Kf6 41. Ke3 Ke7 42. Kd3 Kd8 43. exf5 exf5 44. Rd5+ Kc8 45. Rxe5 Rxc6 46. Rxf5 Ra6 47. Rc5+ Kd7 48. Rc3 1-0

[Event "Voronezh op-B"]
[Site "Voronezh"]
[Date "2008.06.15"]
[Round "4"]
[White "Petrova, Olga"]
[Black "Stroganov, Andrey"]
[Result "1-0"]
[WhiteElo "2110"]
[BlackElo "1892"]
[PlyCount "43"]
[EventDate "2008.06.12"]
[EventType "swiss"]
[EventRounds "9"]
[EventCountry "RUS"]
[SourceTitle "CBM 125 Extra"]
[Source "ChessBase"]
[SourceDate "2008.09.01"]
[SourceVersion "1"]
[SourceVersionDate "2008.09.01"]
[SourceQuality "1"]

1. e4 c5 2. Nf3 e6 3. d4 cxd4 4. Nxd4 a6 5. Nc3 Bc5 6. Be3 Nf6 7. Nxe6 fxe6 8. Bxc5 Nc6 9. Bd6 Qa5 10. Bd3 b5 11. a3 Ne7 12. 0-0 Bb7 13. Qd2 Qb6 14. e5 Nf5 15. Bxf5 exf5 16. exf6 0-0-0 17. f7 g5 18. Rad1 Qc6 19. f3 h5 20. Be7 g4 21. Bxd8 gxf3 22. Rxf3 1-0

[Event "Moscow op-B 04th"]
[Site "Moscow"]
[Date "2008.02.05"]
[Round "4"]
[White "Rasstriguine, Andrei"]
[Black "Stroganov, Andrey"]
[Result "1-0"]
[WhiteElo "2147"]
[BlackElo "1898"]
[PlyCount "47"]
[EventDate "2008.02.02"]
[EventType "swiss"]
[EventRounds "9"]
[EventCountry "RUS"]
[SourceTitle "CBM 122 Extra"]
[Source "ChessBase"]
[SourceDate "2008.03.04"]
[SourceVersion "1"]
[SourceVersionDate "2008.03.04"]
[SourceQuality "1"]

1. Nf3 Nf6 2. d4 b6 3. c4 Bb7 4. Nc3 e6 5. a3 Be7 6. d5 exd5 7. cxd5 Ba6 8. g3 d6 9. Bg2 Nbd7 10. 0-0 Kf8 11. Nd4 Bb7 12. h3 a6 13. Kh2 Ne8 14. e4 Bf6 15. Be3 Ne5 16. f4 Ng6 17. Qh5 Bxd4 18. Bxd4 Nf6 19. Qf3 c5 20. dxc6 Bxc6 21. Qf2 Rb8 22. e5 dxe5 23. fxe5 Bxg2 24. Kxg2 1-0